| 000 | 00349nam a22001337a 4500 | ||
|---|---|---|---|
| 020 | _a0791420205 | ||
| 082 | _a306.6297073 YVO | ||
| 100 | _aYvonne, Yazbeck Haddad | ||
| 245 | _aMuslim Communities in North America | ||
| 260 |
_aNew York _bState University of New York Press _c1994 |
||
| 300 | _a545 | ||
| 650 | _aMuslims-United States | ||
| 942 | _cBK | ||
| 999 |
_c21179 _d21179 |
||